Personnages Harry Potter de A à Z - Statistiques

Statistiques générales
  • Ce quiz a été pris 178 fois
  • Le résultat moyen est 16 sur 26
Statistiques - réponses
Hint Réponse % Correct
D Dame-grise /Delacourt/Diggory/Doge/Dippet/Dolohov/Dubois/Dumbledore/Dursley/Dobby
94%
G Goyle/Gaunt/Granger/Gregorovitch/Greyback/Grosse-dame/ Grindelwald/ Gryffondor/Graup/ Gripseck
94%
P Parkinson/Patil/Pettigrow/Peakes/Peverell/Pince/Pomfresh/Potter/Poufsouffle/Prewett/Pattenrond/Peeves
94%
W Weasley/Warrington/Winky
93%
L Lestrange/Lockart/Londubat/Lovegood/Lupin
92%
B Baron-sanglant/Bell/Bibine/Binns/Black/Bones/Brown/Bulstrode/Buck/Bane
86%
M Mcgonagall/Mclaggen/Macmillan/Macnair/Malefoy/Maugrey/Maxime/MImi-geignarde/Moine-gras/Miss-teigne/Magorian
84%
C Carrow/Chang/Cattermole/Chourave/Crabbe/Crivey/Croupton/Crockdur/Coquecigrue
74%
H Hagrid/Hedwige/Hermes
71%
R Rogue/Rocade/Rosier/Rokwood/Rosmerta/Runcorn/Rusard
69%
T Thomas/Tonks/Tourdesac/Travers/Trelawney/Trevor/Touffu
65%
K Karkaroff/Krum/Kreattur
64%
F Figg/Finnigan/Flamel/Fletcher/Flint/Flitwick/Fudge/Firenze/Fumseck
62%
Q Quirrell
61%
S Scrimgeour/Sinistra/Skeeter/Serdaigle/Serpentard/Shacklebolt/Smith/Slughorn/Spinnet
57%
J Jedusor/Jordan/Jorkins
56%
O Ollivander/Ombrage
54%
V Vector/Verpey/Voldemort
51%
A Abbot/Aragog/Arnold
49%
Z Zabini
44%
N Nagini/Norbert/Nick-quasi-sans-tête/Nott
42%
Y Yaxley
34%
I XXX
32%
U XXX
32%
X XXX
32%
E Edgecombe/Everard/Errol
14%
Aucun quiz correspondant
Distribution des résultats
% des personnes avec chaque résultat
Percentile par nombre de réponses
Votre historique - résultats
Vous n’avez pas pris ce quiz